[Event "?"]
[Site "Liepajas Rokade, Liepaja LAT"]
[Date "2006.??.??"]
[Round "12"]
[White "Kulaots, Kaido"]
[Black "Ehlvest, Jaan"]
[Result "1-0"]
[WhiteElo "2550"]
[BlackElo "2590"]

1. e4 c5 2. Nf3 e6 3. d4 cxd4 4. Nxd4 a6 5. Bd3 Bc5 6. Nb3 Be7 7. O-O d6 8.
Qg4 g6 9. Qe2 Nd7 10. Na3 Qc7 11. Nc4 Ngf6 12. a4 O-O 13. a5 d5 14. exd5
Nxd5 15. Bh6 Rd8 16. Rad1 Nf4 17. Bxf4 Qxf4 18. Be4 Rb8 19. Bf3 b5 20. axb6
Nxb6 21. Nca5 Bd7 22. Nd4 Bc5 23. Ndc6 Bxc6 24. Nxc6 Rxd1 25. Rxd1 Rc8 26.
b4 Rxc6 27. Bxc6 Qxb4 28. Qxa6 Qf4 29. Qe2 h5 30. g3 Qc7 31. Bf3 Nc4 32.
Kg2 Bb6 33. Rb1 Qc5 34. Rb3 Qd4 35. Rd3 Qb2 36. Rd7 Ne5 37. Rb7 1-0

[Event "?"]
[Site "ol (Men) Bled SLO"]
[Date "2002.??.??"]
[Round "?"]
[White "Stefansson, Hannes H"]
[Black "Kotsur, Pavel"]
[Result "0-1"]
[WhiteElo "2565"]
[BlackElo "2575"]

1. e4 c5 2. Nf3 e6 3. d4 cxd4 4. Nxd4 a6 5. Bd3 Bc5 6. Nb3 Be7 7. Qg4 g6 8.
Qg3 d6 9. O-O Nd7 10. Rd1 Qc7 11. Na3 h5 12. Nc4 b5 13. Nca5 Ngf6 14. a4 h4
15. Qh3 b4 16. Bd2 d5 17. exd5 Nxd5 18. c4 bxc3 19. bxc3 Rb8 20. c4 Nf4 21.
Bxf4 Qxf4 22. Bc2 Qc7 23. Be4 Nf6 24. Qc3 O-O 25. Bf3 Nd7 26. Nc6 Bf6 27.
Qa5 Rb6 28. Nbd4 Ne5 29. Nxe5 Bxe5 30. h3 Bxd4 0-1

[Event "?"]
[Site "36th Olympiad ;The Week in Che"]
[Date "2004.??.??"]
[Round "7"]
[White "Vasquez, Rodrigo"]
[Black "Kulaots, Kaido"]
[Result "1/2-1/2"]
[WhiteElo "2545"]
[BlackElo "2595"]

1. e4 c5 2. Nf3 e6 3. d4 cxd4 4. Nxd4 a6 5. Bd3 Bc5 6. Nb3 Be7 7. Qg4 g6 8.
Qe2 d6 9. a4 b6 10. O-O Nc6 11. Na3 Ne5 12. Be3 Nf6 13. f4 Nxd3 14. cxd3
O-O 15. Nc4 Rb8 16. a5 bxa5 17. Ncxa5 Bd7 18. Nd4 Rc8 19. Kh1 Re8 20. Qd2
Bf8 21. Rfc1 Rxc1+ 22. Rxc1 Ng4 23. Bg1 e5 24. Ne2 1/2-1/2

[Event "?"]
[Site "54th ch-HUN, Budapest HUN"]
[Date "2004.??.??"]
[Round "3"]
[White "Varga, Zoltan"]
[Black "Horvath, Csaba"]
[Result "1/2-1/2"]
[WhiteElo "2590"]
[BlackElo "2545"]

1. e4 c5 2. Nf3 e6 3. d4 cxd4 4. Nxd4 a6 5. Bd3 Bc5 6. Nb3 Be7 7. Qg4 g6 8.
Qe2 d6 9. O-O Nd7 10. a4 Ne5 11. h3 Nf6 12. Bh6 Nh5 13. f4 Nxd3 14. Qxd3 e5
15. fxe5 dxe5 16. Qxd8+ Bxd8 17. Nc3 Be6 18. Kh2 Rg8 19. Be3 Rc8 20. Rad1
Be7 21. Na5 Nf6 22. Nxb7 Rxc3 23. bxc3 Nxe4 24. Na5 f5 25. Nc6 Bd6 26. Bb6
Bd7 27. Rxd6 Nxd6 28. Nxe5 Bxa4 29. c4 Bxc2 30. Ra1 Nf7 1/2-1/2

[Event "?"]
[Site "Liepaja rap rapid"]
[Date "2001.??.??"]
[Round "?"]
[White "Magem Badals, Jordi"]
[Black "Ehlvest, Jaan"]
[Result "0-1"]
[WhiteElo "2510"]
[BlackElo "2625"]

1. e4 c5 2. Nf3 e6 3. d4 cxd4 4. Nxd4 a6 5. Bd3 Bc5 6. Nb3 Be7 7. f4 d6 8.
Nc3 Nf6 9. e5 dxe5 10. fxe5 Nfd7 11. Bf4 Nc6 12. Qe2 Bg5 13. g3 Bxf4 14.
gxf4 Qh4+ 15. Qf2 Qxf2+ 16. Kxf2 f6 17. exf6 Nxf6 18. Be2 e5 19. fxe5 Nxe5
20. Kg3 O-O 21. Rad1 b5 0-1

[Event "JAPFA Match"]
[Site "Jakarta INA"]
[Date "2007.02.10"]
[Round "4"]
[White "Megaranto, Susanto"]
[Black "Zhang Zhong"]
[Result "1/2-1/2"]
[WhiteElo "2517"]
[BlackElo "2618"]

1. e4 c5 2. Nf3 e6 3. d4 cxd4 4. Nxd4 a6 5. Bd3 Bc5 6. Nb3 Be7 7. O-O d6 8.
a4 b6 9. Nc3 Nf6 10. f4 Nbd7 11. Qf3 Bb7 12. Qh3 Qc7 13. Be3 h5 14. f5 e5
15. Bg5 Ng4 16. Bxe7 Kxe7 17. Qh4+ Ngf6 18. Rad1 Rac8 19. Bxa6 Qxc3 20.
bxc3 Bxa6 21. Rfe1 Rxc3 22. g4 Rf3 23. Rf1 Bxf1 24. Rxf1 g5 25. fxg6 Rxf1+
26. Kxf1 fxg6 27. h3 Rc8 28. Qg5 hxg4 29. hxg4 Nf8 30. Qe3 N6d7 31. c3 Ne6
32. Qh3 Rf8+ 33. Ke1 Nf4 34. Qh6 Nf6 35. Nd2 Nxg4 36. Qg5+ Nf6 37. Nc4 Ke6
38. Nxb6 Rh8 39. Qg1 Rh3 40. Nd5 Nd3+ 41. Ke2 Nxe4 42. c4 Rg3 43. Qh1 Ndc5
44. Qh7 Nc3+ 45. Nxc3 Rxc3 46. Qxg6+ Kd7 47. Qf7+ Kc6 48. a5 Ra3 49. Qa7
Ra4 50. Qb6+ Kd7 51. Kf3 Ke6 52. Qd8 Ra3+ 53. Kg4 e4 54. Qe8+ Kf6 55. Qf8+
Ke6 56. Qd8 Ra2 57. Kg5 Rg2+ 58. Kh6 Rh2+ 59. Kg5 Rg2+ 60. Kh6 Rh2+ 61. Kg7
Rg2+ 62. Kh6 Rh2+ 63. Kg5 1/2-1/2

[Event "?"]
[Site "op-A Bratto ITA"]
[Date "2003.??.??"]
[Round "?"]
[White "Dervishi, Erald"]
[Black "Epishin, Vladimir V"]
[Result "1/2-1/2"]
[WhiteElo "2495"]
[BlackElo "2640"]

1. e4 c5 2. Nf3 e6 3. d4 cxd4 4. Nxd4 a6 5. Bd3 Bc5 6. Nb3 Be7 7. Qg4 g6 8.
Qe2 d6 9. Nc3 Nd7 10. a4 Ne5 11. a5 Nf6 12. O-O O-O 13. Na4 Nxd3 14. cxd3
e5 15. Nb6 Rb8 16. Bg5 Be6 17. Nd2 Re8 18. Ndc4 Nh5 19. Bd2 Bf8 20. Qf3 Qh4
21. g3 Qh3 22. Qg2 Qxg2+ 23. Kxg2 Rbd8 24. Bc3 Nf6 25. Rfe1 Nd7 26. d4 exd4
27. Bxd4 Nc5 28. Bf6 Be7 29. Bxe7 Rxe7 30. Nd5 Bxd5 31. exd5 Rc7 32. Re3
Nd7 33. Rc3 Nf6 34. Nb6 Re7 35. Rac1 Kg7 36. Rc7 Rde8 37. Rxe7 1/2-1/2

[Event "?"]
[Site "Acropolis (tournoi GMI)"]
[Date "2003.??.??"]
[Round "?"]
[White "Kotronias, Vasilios"]
[Black "Banikas, Hristos"]
[Result "1-0"]
[WhiteElo "2600"]
[BlackElo "2530"]

1. e4 c5 2. Nf3 e6 3. d4 cxd4 4. Nxd4 a6 5. Bd3 Bc5 6. Nb3 Be7 7. Qg4 g6 8.
Qe2 d6 9. O-O Qc7 10. a4 b6 11. a5 b5 12. c4 bxc4 13. Bxc4 Nc6 14. Bf4 Nf6
15. Rc1 O-O 16. Nc3 Qb7 17. Na4 d5 18. Bd3 dxe4 19. Bxe4 Nxe4 20. Qxe4 Qxb3
21. Qxc6 Bb7 22. Qd7 Qd5 23. Qxd5 Bxd5 24. Nb6 Bf6 25. Nxa8 Rxa8 26. Rc2 g5
27. Be3 Be4 28. Rd2 Rc8 29. Bd4 Be7 30. Bc3 Bd5 31. Rad1 h6 32. h3 Rc6 33.
Rxd5 exd5 34. Rxd5 Bd6 35. g4 Bc7 36. Kf1 Kh7 37. Ke2 Kg6 38. Kd3 h5 39. b4
hxg4 40. hxg4 Bd6 41. f3 Bg3 42. Bd4 Be1 43. Bc5 Bg3 44. Be3 f6 45. Bc5 Re6
46. Bd4 Be1 47. Kc4 Rc6+ 48. Bc5 Re6 49. Rd6 Kf7 50. Kd5 Re5+ 51. Kc6 f5
52. Rd5 Re6+ 53. Kd7 fxg4 54. Rf5+ 1-0

[Event "?"]
[Site "Saint-Petersbourg eme annivers"]
[Date "2003.??.??"]
[Round "?"]
[White "Lastin, Alexander"]
[Black "Pugachov, Alexey"]
[Result "1-0"]
[WhiteElo "2630"]
[BlackElo "2495"]

1. e4 c5 2. Nf3 e6 3. d4 cxd4 4. Nxd4 a6 5. Bd3 Bc5 6. Nb3 Be7 7. O-O d6 8.
c4 Nf6 9. Nc3 Nbd7 10. a4 a5 11. Nd4 O-O 12. Bc2 Nc5 13. Ndb5 b6 14. Qe2
Bb7 15. Rd1 Qb8 16. Bf4 e5 17. Bg3 Ne6 18. Nd5 Bxd5 19. exd5 Nc5 20. f4
Nfd7 21. Rf1 Bf6 22. Ra3 e4 23. Bb1 Re8 24. Re3 Nxa4 25. Rxe4 Rxe4 26. Qxe4
g6 27. f5 Be5 28. fxg6 fxg6 29. Qg4 Nf8 30. Bxe5 dxe5 31. d6 Qd8 32. Be4
Rc8 33. Bd5+ Kh8 1-0

[Event "?"]
[Site "Bad Zwesten Open 6th"]
[Date "2002.??.??"]
[Round "?"]
[White "Naiditsch, Arkadij"]
[Black "Epishin, Vladimir V"]
[Result "1/2-1/2"]
[WhiteElo "2530"]
[BlackElo "2595"]

1. e4 c5 2. Nf3 e6 3. d4 cxd4 4. Nxd4 a6 5. Bd3 Bc5 6. Nb3 Be7 7. Qg4 g6 8.
Qe2 d6 9. O-O Nd7 10. Nc3 Ne5 11. a4 Nf6 12. a5 O-O 13. Na4 Bd7 14. Nb6 Rb8
15. Kh1 1/2-1/2

[Event "?"]
[Site "Catskills"]
[Date "2002.??.??"]
[Round "?"]
[White "Ivanov, Alexa"]
[Black "Stripunsky, Alexander"]
[Result "1-0"]
[WhiteElo "2575"]
[BlackElo "2550"]

1. e4 c5 2. Nf3 e6 3. d4 cxd4 4. Nxd4 a6 5. Bd3 Bc5 6. Nb3 Be7 7. Qg4 g6 8.
O-O d6 9. Qe2 Nd7 10. c4 Qc7 11. Nc3 b6 12. Bf4 Bb7 13. a4 Ngf6 14. a5 Rc8
15. axb6 Qxb6 16. Na5 Ba8 17. Bh6 Rg8 18. Be3 Qb8 19. Rfb1 h5 20. f3 g5 21.
b4 Ne5 22. Kh1 g4 23. b5 gxf3 24. gxf3 Nxd3 25. Qxd3 axb5 26. Nxb5 Nxe4 27.
fxe4 Rg4 28. Nc3 Qc7 29. Rg1 Rxe4 30. Nxe4 f5 31. Rg8+ Kd7 32. Rxc8 Qxc8
33. Kg1 Bxe4 34. Qe2 Bf6 35. Rd1 Qa8 36. Qd2 Be5 37. Nb3 Bf3 38. Rf1 Ke7
39. Bf4 Kf7 40. Bxe5 dxe5 41. Nc5 Bc6 42. Qd6 Qc8 43. Kf2 Kf6 44. Rg1 f4
45. Nxe6 Qd7 46. Rg6+ Kf5 47. Rg5+ Kf6 48. Qxe5+ 1-0

[Event "?"]
[Site "ol (Men) Elista RUS"]
[Date "1998.??.??"]
[Round "?"]
[White "Ye Jiangchuan"]
[Black "Smirin, Ilia"]
[Result "1-0"]
[WhiteElo "2510"]
[BlackElo "2615"]

1. e4 c5 2. Nf3 e6 3. d4 cxd4 4. Nxd4 a6 5. Bd3 Bc5 6. Nb3 Be7 7. Qg4 g6 8.
Qe2 d6 9. O-O Qc7 10. Kh1 Nd7 11. a4 b6 12. Nc3 Bb7 13. Be3 h5 14. f4 Ngf6
15. Rf3 h4 16. Rh3 Nc5 17. Nxc5 bxc5 18. Bd2 Nd7 19. Rf1 Qc6 20. Rb1 Qc7
21. b3 Bf6 22. Rf1 Bg7 23. f5 Ne5 24. f6 Bf8 25. Bg5 Qa5 26. Nd1 c4 27.
bxc4 Nxd3 28. Bd2 Nb4 29. Bxb4 Qxb4 30. Rb3 Qxa4 31. Rxb7 Qc6 32. Rb3 Rc8
33. Nb2 Rh5 34. h3 Bh6 35. Qf2 Kf8 36. Qa7 Kg8 37. Re1 Bd2 38. Rd1 Qxe4 39.
Rb8 Rc5 40. Nd3 Qe2 41. Rxd2 Qxd2 42. Qb7 1-0

[Event "?"]
[Site "Open Dubai UAE"]
[Date "2002.??.??"]
[Round "?"]
[White "Acs, Peter"]
[Black "Kobalia, Mikhail"]
[Result "1/2-1/2"]
[WhiteElo "2525"]
[BlackElo "2600"]

1. e4 c5 2. Nf3 e6 3. d4 cxd4 4. Nxd4 a6 5. Bd3 Bc5 6. Nb3 Be7 7. O-O d6 8.
c4 Nf6 9. Nc3 Nbd7 10. Kh1 b6 11. f4 Bb7 12. Qf3 Qc7 13. Bd2 g6 14. Rae1 h5
15. Qh3 Ng4 16. Nd1 Ndf6 17. Nc3 Nd7 18. Be2 Ngf6 19. Bf3 e5 20. f5 gxf5
21. exf5 Rc8 22. Nd5 Nxd5 23. cxd5 Qd8 24. f6 Nxf6 25. Bg5 Nh7 26. Bxe7
Qxe7 27. Qxh5 Qg5 28. Qh3 Ke7 29. Nd4 Nf6 30. Nf5+ Kd7 31. Nh6+ Ke7 32.
Nf5+ Kd7 33. Nh6+ Ke7 34. Nxf7 Rxh3 35. Nxg5 Rh4 36. Rf2 Rd4 37. h3 Rg8 38.
Ne4 Nxd5 39. Rc1 Rc8 40. Rfc2 Rxc2 41. Rxc2 Ke6 42. h4 Ne3 43. Ng5+ Kf5 44.
Rc7 Rxh4+ 45. Kg1 Kxg5 46. Rxb7 Rb4 47. b3 e4 48. Be2 a5 49. Kf2 Nc2 50.
Bc4 a4 51. Rd7 b5 52. Be2 e3+ 53. Kf3 Rf4+ 54. Kg3 Rd4 55. Rc7 Rd2 56. Kf3
d5 57. Bxb5 axb3 58. axb3 Rf2+ 59. Kg3 Nd4 60. Bd3 Rd2 61. Rc3 Rb2 62. Rc5
Nf5+ 63. Bxf5 Kxf5 64. Rxd5+ Ke4 65. Rd8 Rxb3 66. Re8+ Kd3 67. Kf3 Kd2 68.
g4 Rd3 69. g5 Rd5 70. Rxe3 Rxg5 1/2-1/2

[Event "?"]
[Site "Moscow Aeroflot Open"]
[Date "2002.??.??"]
[Round "?"]
[White "Vokarev, Sergey"]
[Black "Kobalia, Mikhail"]
[Result "1/2-1/2"]
[WhiteElo "2505"]
[BlackElo "2620"]

1. e4 c5 2. Nf3 e6 3. d4 cxd4 4. Nxd4 a6 5. Bd3 Bc5 6. Nb3 Be7 7. O-O d6 8.
Qe2 Qc7 9. c4 Nf6 10. Nc3 Nbd7 1/2-1/2

[Event "?"]
[Site "Pedro Zabala (6eme memorial)"]
[Date "2004.??.??"]
[Round "?"]
[White "Castellanos, Renier"]
[Black "Milov, Vadim"]
[Result "0-1"]
[WhiteElo "2445"]
[BlackElo "2680"]

1. e4 c5 2. Nf3 e6 3. d4 cxd4 4. Nxd4 a6 5. Bd3 Bc5 6. Nb3 Be7 7. O-O d6 8.
c4 Nf6 9. Nc3 O-O 10. f4 b6 11. Qf3 Bb7 12. Bd2 Nc6 13. Qh3 Rc8 14. Rae1 g6
15. a3 Re8 16. g4 Nd7 17. g5 Nc5 18. Nxc5 dxc5 19. Rd1 Nd4 20. e5 b5 21.
Be3 bxc4 22. Be4 Qb6 23. Rd2 Red8 24. Rfd1 Nf5 25. Bf2 Rd4 26. Qf3 Bxe4 27.
Nxe4 Rd3 28. Rxd3 cxd3 29. Qxd3 Qxb2 30. Qxa6 Qb8 31. Qc4 Qa8 32. a4 Nd4
33. Bxd4 Qxe4 34. Qc1 Qe2 35. Bf2 c4 36. Rd7 Bf8 37. a5 c3 38. a6 Qxa6 39.
Qc2 Qc6 40. Rd3 Qe4 41. Be3 Kg7 42. Kf2 Bc5 0-1

[Event "?"]
[Site "Open Geneva SUI"]
[Date "2003.??.??"]
[Round "?"]
[White "Horvath, Adam"]
[Black "Epishin, Vladimir V"]
[Result "1-0"]
[WhiteElo "2500"]
[BlackElo "2625"]

1. e4 c5 2. Nf3 e6 3. d4 cxd4 4. Nxd4 a6 5. Bd3 Bc5 6. Nb3 Be7 7. Nc3 d6 8.
Be3 Nf6 9. f4 Nc6 10. Qf3 e5 11. f5 Nb4 12. O-O-O Nxd3+ 13. Rxd3 b5 14.
Rhd1 b4 15. Nd5 Nxd5 16. exd5 a5 17. Nc5 O-O 18. Ne4 f6 19. Nc5 Qc7 20. Qe4
Ba6 21. Ne6 Qc4 22. Qxc4 Bxc4 23. Nxf8 Bxd3 24. Rxd3 Bxf8 25. a3 g6 26. g4
h5 27. h3 Kh7 28. Rb3 hxg4 29. hxg4 gxf5 30. gxf5 Bh6 31. Bxh6 Kxh6 32. Rg3
Kh5 33. Rg6 Rc8 34. axb4 axb4 35. Rxf6 Kg5 36. Rxd6 Kxf5 37. Kd2 Rc5 38.
Rd8 Ke4 39. d6 Rc6 40. d7 Rc7 41. b3 Rb7 42. Ke2 Kd5 43. Kd3 Kd6 44. Kc4 e4
45. Kd4 Ke7 46. Re8+ Kxd7 47. Rxe4 Rb6 48. Kc4 Rc6+ 49. Kd3 Rb6 50. Rc4 Kd6
51. Kd4 Rb7 52. Rc8 Kd7 53. Rc5 Kd6 54. Kc4 Rb8 55. Rb5 Rc8+ 56. Kd3 1-0

[Event "?"]
[Site "Open Las Palmas ESP"]
[Date "1995.??.??"]
[Round "?"]
[White "Hernandez, Gilberto"]
[Black "Kurajica, Bojan"]
[Result "1-0"]
[WhiteElo "2525"]
[BlackElo "2595"]

1. e4 c5 2. Nf3 e6 3. d4 cxd4 4. Nxd4 a6 5. Bd3 Bc5 6. Nb3 Be7 7. Qg4 Nf6
8. Qxg7 Rg8 9. Qh6 Nc6 10. Nc3 Rxg2 11. Bd2 d6 12. O-O-O Rg6 13. Qe3 Ng4
14. Qe2 Nge5 15. f4 Nxd3+ 16. Qxd3 b5 17. f5 Rg4 18. Rhg1 Ne5 19. Qh3 exf5
20. Qxh7 Bf8 21. exf5 Rxg1 22. Rxg1 Bb7 23. Rg8 Kd7 24. a3 Qb6 25. Qh8 Rc8
26. f6 Ng6 27. Qh3+ Kd8 28. Be3 Qc6 29. Kb1 Qf3 30. Qxf3 Bxf3 31. Nd4 Bh5
32. Nd5 Rc5 33. Ne7 1-0

[Event "?"]
[Site "op-A Seattle, WA USA"]
[Date "1994.??.??"]
[Round "?"]
[White "Hollingsworth, Terry"]
[Black "Vaughn, Michael"]
[Result "1-0"]
[WhiteElo "2560"]
[BlackElo "2560"]

1. e4 c5 2. Nf3 Nc6 3. d4 cxd4 4. Nxd4 e6 5. Nc3 Bc5 6. Be3 Qe7 7. Ncb5 d5
8. Nxc6 bxc6 9. Bxc5 Qxc5 10. Nc7+ Kf8 11. Nxa8 Qb4+ 12. c3 Qxe4+ 13. Qe2
Qf4 14. Qe3 Qb8 15. Qc5+ Ne7 16. Qa5 f6 17. O-O-O Bd7 18. Nc7 Kf7 19. Na6
Qf4+ 20. Rd2 Rc8 21. Qb4 Qh6 22. Nc5 Be8 23. Ba6 Rd8 24. Re1 e5 25. f4 d4
26. g3 Kg8 27. Ne6 1-0

[Event "?"]
[Site "ACP Blitz Prelim2, playchess.c"]
[Date "2004.??.??"]
[Round "16"]
[White "Shomoev, Anton"]
[Black "Kobalia, Mikhail"]
[Result "0-1"]
[WhiteElo "2485"]
[BlackElo "2630"]

1. e4 c5 2. Nf3 e6 3. d4 cxd4 4. Nxd4 a6 5. Bd3 Bc5 6. Nb3 Be7 7. Be3 d6 8.
N1d2 Nf6 9. g4 Nc6 10. g5 Nd7 11. h4 b5 12. f4 Bb7 13. a3 Nc5 14. Qg4 Nxd3+
15. cxd3 d5 16. Rc1 Rc8 17. O-O dxe4 18. dxe4 O-O 19. Rfd1 Qc7 20. Nd4 Rfd8
21. N2f3 Qb8 22. Ne2 Na5 23. Ng3 Nc4 24. Bd4 Rxd4 25. Rxd4 Bc5 26. Kh2 Ne3
27. Qh3 Bxd4 28. Rxc8+ Bxc8 29. Nxd4 Qxf4 30. Kg1 Bb7 31. Nde2 Qf3 32. Qh2
Bxe4 33. Nc3 Bc6 34. Qf2 Qxf2+ 35. Kxf2 Nc4 0-1

[Event "?"]
[Site "Mikenas Memorial Open"]
[Date "1997.??.??"]
[Round "?"]
[White "Aseev, Konstantin N"]
[Black "Kengis, Edvins"]
[Result "1-0"]
[WhiteElo "2530"]
[BlackElo "2585"]

1. d4 e6 2. e4 c5 3. Nf3 cxd4 4. Nxd4 a6 5. Bd3 Bc5 6. Nb3 Be7 7. O-O d6 8.
Qg4 Bf6 9. Rd1 Nc6 10. Qg3 Nge7 11. Nc3 O-O 12. Bf1 d5 13. Kh1 d4 14. Ne2
Qb6 15. c3 e5 16. cxd4 exd4 17. Bf4 Be6 18. Bc7 Qa7 19. Nbxd4 Ng6 20. Nxe6
fxe6 21. f4 Rf7 22. Bd6 Bxb2 23. Rab1 Bf6 24. Qb3 Re8 25. e5 Bd8 26. g3 b5
27. a4 Na5 28. Qf3 bxa4 29. Qe4 Qd7 30. Bg2 Bc7 31. Ba3 Qc8 32. Qxa4 Rd8
33. Rxd8+ Qxd8 34. Rd1 Qb8 35. Nd4 Qc8 36. Bh3 Qa8+ 37. Bg2 Qc8 38. Bb4 Qd7
39. Nc6 1-0

[Event "?"]
[Site "Ch team"]
[Date "2001.??.??"]
[Round "?"]
[White "Sax, Gyula"]
[Black "Farago, Ivan"]
[Result "1/2-1/2"]
[WhiteElo "2590"]
[BlackElo "2525"]

1. e4 c5 2. Nf3 e6 3. d4 cxd4 4. Nxd4 a6 5. Bd3 Bc5 6. Nb3 Be7 7. c4 d6 8.
Nc3 Nf6 9. O-O O-O 10. Be3 Nbd7 11. Rc1 b6 12. Nd4 Bb7 13. f3 Qc7 14. b3
Rac8 15. Qd2 Qb8 16. Rfd1 Rfe8 17. Qf2 Bf8 18. Bf1 1/2-1/2

[Event "?"]
[Site "Open 9th Albacete ESP"]
[Date "2001.??.??"]
[Round "?"]
[White "Delchev, Aleksander"]
[Black "Oratovsky, Michael"]
[Result "0-1"]
[WhiteElo "2625"]
[BlackElo "2490"]

1. e4 c5 2. Nf3 e6 3. d4 cxd4 4. Nxd4 a6 5. Bd3 Bc5 6. Nb3 Be7 7. O-O d6 8.
Qg4 g6 9. Qe2 Nd7 10. Nc3 Ngf6 11. Bh6 b5 12. a4 b4 13. Na2 Qb6 14. a5 Qb8
15. Rfe1 Ne5 16. h3 Nfd7 17. Qd2 g5 18. Re3 Rg8 19. Rg3 f6 20. Qe2 Nf7 21.
Qh5 Ne5 22. f4 Ng6 23. f5 Nxh6 24. fxg6 hxg6 25. Qe2 d5 26. Re3 dxe4 27.
Rxe4 Nf5 28. Qf3 Qa7+ 29. Qf2 Qxf2+ 30. Kxf2 Rb8 31. Rc4 e5 32. Be4 Rh8 33.
Rd1 Rh4 34. Bc6+ Kf8 35. Rxh4 gxh4 36. Nac1 Be6 37. Rd2 Kf7 38. Bd7 e4 39.
Bxe6+ Kxe6 40. Re2 Ng3 41. Nd4+ Kd5 42. Rd2 e3+ 0-1

[Event "Aeroflot Open"]
[Site "Moscow RUS"]
[Date "2007.02.14"]
[Round "1"]
[White "Hou Yifan"]
[Black "Vitiugov, Nikita"]
[Result "1-0"]
[WhiteElo "2509"]
[BlackElo "2604"]

1. e4 c5 2. Nf3 e6 3. d4 cxd4 4. Nxd4 a6 5. Bd3 Bc5 6. Nb3 Be7 7. O-O d6 8.
c4 Nf6 9. Nc3 Nbd7 10. f4 b6 11. Bd2 Bb7 12. Qf3 Qc7 13. Rae1 g6 14. Qh3 h5
15. Nd1 b5 16. Ba5 Qb8 17. Bc3 b4 18. Bxb4 Bxe4 19. Bc3 Bxd3 20. Qxd3 h4
21. Nf2 Rh5 22. Nd4 Nc5 23. Qc2 Qb7 24. b4 h3 25. Nxh3 Nce4 26. Ng5 d5 27.
c5 Kf8 28. a3 Kg8 29. Ndf3 Nxc3 30. Qxc3 Nh7 31. Nxh7 Rxh7 32. Qd4 Rh5 33.
h3 Bf8 34. Qd3 Bg7 35. Nd4 Rh4 36. Kh1 Qc7 37. Qe3 Bf6 38. Nb3 Kg7 39. Qd2
Qd7 40. Nd4 Rah8 41. Nf3 R4h5 42. Ne5 Qa4 43. Rf3 Rb8 44. Ng4 Bd8 45. Qd4+
Kf8 46. Rc1 Rc8 47. Ne5 Qb5 48. c6 Rc7 49. Nd7+ Kg8 50. Qb6 d4 51. Nf6+ 1-0

[Event "?"]
[Site "II Copa ENTEL ;The Week in Che"]
[Date "2005.??.??"]
[Round "7"]
[White "Vasquez, Rodrigo"]
[Black "Hellsten, Johan"]
[Result "0-1"]
[WhiteElo "2560"]
[BlackElo "2550"]

1. e4 c5 2. Nf3 e6 3. d4 cxd4 4. Nxd4 a6 5. Bd3 Bc5 6. Nb3 Be7 7. Qg4 g6 8.
Qe2 d6 9. a4 b6 10. O-O Nd7 11. Be3 Ngf6 12. Bh6 Bb7 13. N1d2 Ne5 14. h3
Nh5 15. Be3 O-O 16. g4 Nf6 17. f4 Ned7 18. c4 Rb8 19. Bf2 Re8 20. Kh2 Nc5
21. Bc2 Qc7 22. Nxc5 bxc5 23. Bg3 Nd7 24. Rad1 Rbd8 25. b3 Nb8 26. Nf3 Nc6
27. Qf2 Bf6 28. Rfe1 Bg7 29. Re2 Ba8 30. g5 Nb4 31. Bb1 d5 32. f5 Qc8 33.
cxd5 exf5 34. exf5 Bxd5 35. Ne5 Bxb3 36. Rde1 Nc6 37. Ng4 Nd4 38. Re7 Bd5
39. R7e3 Rxe3 40. Rxe3 Qb7 41. Ba2 Bxa2 42. Qxa2 Nxf5 43. Re1 Qf3 44. Bc7
Rc8 45. Qd2 Qc6 46. Be5 Nh4 47. Rf1 Bxe5+ 48. Nxe5 Qc7 49. Qf4 a5 50. Nc4
Qxf4+ 51. Rxf4 Nf5 52. Re4 0-1

[Event "?"]
[Site "Keres Mem Rapid, Tallinn EST"]
[Date "2006.??.??"]
[Round "1"]
[White "Berg, Emanuel"]
[Black "Agrest, Evgenij"]
[Result "1-0"]
[WhiteElo "2540"]
[BlackElo "2570"]

1. e4 c5 2. Nf3 e6 3. d4 cxd4 4. Nxd4 a6 5. Bd3 Bc5 6. Nb3 Be7 7. c4 d6 8.
Nc3 b6 9. O-O Bb7 10. f4 Nd7 11. Qe2 Ngf6 12. Bd2 O-O 13. Rae1 Re8 14. Bb1
g6 15. f5 exf5 16. exf5 Bf8 17. Qf2 Rxe1 18. Qxe1 Qc7 19. fxg6 hxg6 20. Qh4
Bg7 21. Bh6 Bxh6 22. Qxh6 Qxc4 23. Rf4 Qe6 24. Bxg6 fxg6 25. Qxg6+ Kf8 26.
Qh6+ Ke7 27. Nd4 Qe3+ 28. Kf1 Qc1+ 29. Ke2 Qc2+ 30. Nxc2 Ng8 1-0

[Event "?"]
[Site "2 Stockholm SWE"]
[Date "1998.??.??"]
[Round "?"]
[White "Rytshagov, Mikhail"]
[Black "Agrest, Evgenij"]
[Result "1-0"]
[WhiteElo "2565"]
[BlackElo "2545"]

1. e4 c5 2. Nf3 e6 3. d4 cxd4 4. Nxd4 a6 5. Bd3 Bc5 6. Nb3 Be7 7. O-O d6 8.
c4 Nf6 9. Nc3 b6 10. f4 Nc6 11. Be3 Bb7 12. Qf3 Nd7 13. Rad1 Qc7 14. Qh3
Nc5 15. Nxc5 bxc5 16. f5 Bc8 17. fxe6 fxe6 18. e5 Nxe5 19. Bxh7 Bd7 20.
Qh5+ Kd8 21. Bg5 Nc6 22. Ne4 Be8 23. Bxe7+ Nxe7 24. Qh4 Kc8 25. Nxd6+ Kb8
26. Nxe8 Rxe8 27. Be4 Ra7 28. Qg5 Nc8 29. Bg6 Rh8 30. h3 Nd6 31. b3 Rb7 32.
Qe5 Rb6 33. Rf3 Rc8 34. Bc2 Nb7 35. Re3 Rd8 36. Rxd8+ Nxd8 37. Qxc7+ Kxc7
38. Rg3 Nc6 39. Rxg7+ Kd6 40. h4 Nd4 41. Bd3 Rb8 42. h5 Rh8 43. Rh7 Rg8 44.
h6 Nf3+ 45. Kf2 Ne5 46. Be2 Rg6 47. Bh5 Rg5 48. Be2 Rg6 49. Bh5 Rg8 50. Bf3
Rg6 51. Ke3 a5 52. a4 Rf6 53. Rh8 Nf7 54. Rb8 Ke7 55. Rc8 Nxh6 56. Rc7+ Kd6
57. Rc6+ Kd7 58. Rxc5 Nf5+ 59. Kd3 Nh4 60. Be4 Rf2 61. Rxa5 Nxg2 62. Bxg2
Rxg2 63. b4 Rg3+ 64. Kd4 Rg4+ 65. Kc5 Rg5+ 66. Kb6 e5 67. Rd5+ Ke6 68. a5
Rg4 69. a6 Rxc4 70. Rb5 Kd7 71. a7 Rc6+ 72. Ka5 Rc1 73. Rb8 1-0

[Event "?"]
[Site "Vrnjacka Banja YUG"]
[Date "1971.??.??"]
[Round "?"]
[White "Tringov, Georgi P"]
[Black "Stein, Leonid Z"]
[Result "1/2-1/2"]
[WhiteElo "2490"]
[BlackElo "2620"]

1. e4 c5 2. Nf3 e6 3. d4 cxd4 4. Nxd4 a6 5. Bd3 Bc5 6. Nb3 Bb6 7. O-O Ne7
8. Qe2 Nbc6 9. Be3 O-O 10. c4 Bxe3 11. Qxe3 d5 12. exd5 exd5 13. N1d2 Bf5
14. Rad1 Bxd3 15. Qxd3 dxc4 16. Qxc4 Ng6 17. Nf3 Qf6 18. Nc5 b5 19. Qe2
Nce5 20. Nxe5 Nxe5 21. Qe4 Rfe8 22. Rfe1 h5 23. h3 a5 24. Nb7 Ra6 25. Qd5
Rae6 26. Re3 Nc6 27. Rxe6 Rxe6 28. Qxb5 Qe7 29. Kf1 Qc7 30. Nc5 Re5 31. Qb7
Qxb7 32. Nxb7 Rb5 33. Nd8 Ne5 34. b3 g5 35. Rc1 a4 36. bxa4 Rb2 37. Rc5 f6
38. Rd5 Rxa2 39. a5 Ra1+ 40. Ke2 Ra2+ 1/2-1/2

[Event "?"]
[Site "6th EICC, Warsaw POL"]
[Date "2005.??.??"]
[Round "12"]
[White "Shomoev, Anton"]
[Black "Chuchelov, Vladimir"]
[Result "0-1"]
[WhiteElo "2540"]
[BlackElo "2570"]

1. e4 c5 2. Nf3 e6 3. d4 cxd4 4. Nxd4 a6 5. Bd3 Bc5 6. Nb3 Be7 7. Qg4 g6 8.
Qe2 d6 9. O-O Qc7 10. Na3 Nd7 11. Nc4 b6 12. Bd2 Bb7 13. Rae1 Ngf6 14. f4
O-O 15. e5 Ne8 16. Bc3 b5 17. exd6 Nxd6 18. Ne3 Bf6 19. Ba5 Qb8 20. Rd1 Re8
21. Bb4 Bd5 22. Nxd5 exd5 23. Qg4 Qa7+ 24. Kh1 Nc4 25. Bxc4 bxc4 26. Na5
Nc5 27. Rxd5 Ne4 28. Be1 Bxb2 29. Qf3 Rac8 30. f5 g5 31. c3 Nf6 32. Rd4 Ba3
33. h4 Bc5 34. Bf2 Qe7 35. Nc6 Qe2 36. Qxe2 Rxe2 37. Rxc4 Rxc6 38. Bxc5 Ne4
39. Rxe4 Rxe4 40. Bd4 Rxh4+ 41. Kg1 f6 42. g3 Re4 43. Kf2 Re7 44. Rb1 h5
45. Rb8+ Kg7 46. a4 Rd6 47. Kf3 Rd5 0-1

[Event "?"]
[Site "World Open eme)"]
[Date "2003.??.??"]
[Round "?"]
[White "Anka, Emil"]
[Black "Smirin, Ilia"]
[Result "0-1"]
[WhiteElo "2450"]
[BlackElo "2660"]

1. e4 c5 2. Nf3 e6 3. d4 cxd4 4. Nxd4 a6 5. Bd3 Bc5 6. Nb3 Be7 7. Qg4 g6 8.
Qe2 d6 9. O-O Qc7 10. c4 b6 11. Nc3 Bb7 12. Be3 Nd7 13. f3 Ngf6 14. Qf2 O-O
15. Rac1 Rfe8 16. Rfe1 Rac8 17. Bf1 Bf8 18. Kh1 Ba8 19. a3 Qb8 20. Na1 Bg7
21. Bd4 Bh6 22. Rc2 Bc6 23. b4 e5 24. Be3 Bxe3 25. Qxe3 Nf8 26. Nb3 Ne6 27.
Rd2 Rcd8 28. a4 Kg7 29. Red1 h5 30. a5 bxa5 31. Nxa5 Ba8 32. Rb1 h4 33. Kg1
Qc7 34. Nd5 Bxd5 35. cxd5 Nd4 36. Nb3 Nc2 37. Rc1 Nxe3 38. Rxc7 Rb8 39.
Bxa6 Rxb4 40. Rc3 Ra8 41. Rxe3 Rxa6 42. Kf2 Nh5 43. Rc2 f5 44. Nd2 Nf6 45.
h3 Nh5 46. Rec3 Ng3 47. Rc6 Rba4 48. Rxa6 Rxa6 49. exf5 gxf5 50. f4 exf4
51. Kf3 Ra3+ 52. Kf2 Kf6 53. Nf3 Ra1 54. Ne1 Ke5 55. Rc1 Rxc1 56. Nd3+ Kxd5
57. Nxc1 Kc4 58. Kf3 d5 59. Kxf4 d4 60. Kf3 d3 61. Nxd3 Kxd3 62. Kf4 Ke2
63. Kg5 Kf2 64. Kxh4 Kxg2 65. Kg5 Kxh3 66. Kf4 Kh4 0-1